00578nam a2200169 a 450000100100000000500170001000800410002702000150006804000250008308200130010824500830012126000300020430000210023470000250025595201110028099900170039100004343920201002040920.0140318s1994 sp 000 0 spa d a8460518930 aDO-SdBNPbspacBNPHU axxxbxxx00aLa condición humana :bdiez relatos y un poema /cAntonio Gala ... [et al.]. aBarcelona :bFNAC,c1994. a137 p. ;c22 cm.12aGala, Antonio971117 001050718MOaGRbGRcCTd2014-03-18iLF1l0oxxx xxxp43439-10r2020-06-25w2020-06-25y1ZNo se presta c42928d42928